[Event "Ricany op-A"]
[Site "Ricany"]
[Date "2014.08.24"]
[Round "2"]
[White "Mar, Tomas"]
[Black "Berg, Antonin"]
[Result "0-1"]
[WhiteElo "1604"]
[BlackElo "1853"]
[PlyCount "42"]
[EventDate "2014.08.23"]
[EventType "swiss"]
[EventRounds "9"]
[EventCountry "CZE"]
[SourceTitle "EXT 2015"]
[Source "ChessBase"]
[SourceDate "2014.11.20"]
[SourceVersion "1"]
[SourceVersionDate "2014.11.20"]
[SourceQuality "1"]

1. e4 Nf6 2. e5 Nd5 3. d4 d6 4. c4 Nb6 5. f4 dxe5 6. fxe5 Nc6 7. Be3 Bf5 8. Nf3 e6 9. a3 Qd7 10. b4 a6 11. Nc3 Rd8 12. Be2 Bg4 13. 0-0 Bxf3 14. Bxf3 Nxc4 15. Bh5 Nxe3 16. Rxf7 g6 17. Rxh7 Qxh7 18. Qb3 Nxd4 19. Qa4+ b5 20. Qxa6 Qxh5 21. h3 Qxe5 0-1

[Event "Ricany op"]
[Site "Ricany"]
[Date "2013.08.29"]
[Round "7"]
[White "Berg, Antonin"]
[Black "Kindl, Frantisek"]
[Result "1/2-1/2"]
[WhiteElo "1826"]
[BlackElo "1922"]
[PlyCount "119"]
[EventDate "2013.08.24"]
[EventType "swiss"]
[EventRounds "9"]
[EventCountry "CZE"]
[SourceTitle "EXT 2022"]
[Source "ChessBase"]
[SourceDate "2021.10.06"]
[SourceVersion "1"]
[SourceVersionDate "2021.10.06"]
[SourceQuality "1"]

1. e4 c5 2. Nf3 Nc6 3. d4 cxd4 4. Nxd4 Nf6 5. Nc3 e5 6. Ndb5 d6 7. Bg5 a6 8. Na3 b5 9. Nd5 Be7 10. Bxf6 Bxf6 11. c3 0-0 12. Nc2 Bg5 13. Be2 Ne7 14. Nce3 Bxe3 15. Nxe3 Be6 16. a4 bxa4 17. Rxa4 a5 18. 0-0 Rb8 19. Qd2 Qb6 20. b4 axb4 21. cxb4 Ng6 22. Rb1 Nf4 23. b5 Nxe2+ 24. Qxe2 Qc5 25. Qd3 Rb6 26. Nd5 Bxd5 27. exd5 Rc8 28. g3 g6 29. Ra6 Rcb8 30. Rxb6 Qxb6 31. Qe3 Qxe3 32. fxe3 e4 33. g4 f6 34. Kf2 Kg7 35. Rb4 f5 36. g5 h6 37. h4 hxg5 38. hxg5 Kf8 39. Ke2 Ke8 40. Kd2 Kd8 41. Kc3 Kc7 42. Rc4+ Kd7 43. Kb4 Ra8 44. Rc6 Rc8 45. Ra6 Rc1 46. Ra7+ Kc8 47. Rg7 Re1 48. Rxg6 Rxe3 49. Rf6 Rf3 50. g6 Rg3 51. Rxf5 Rxg6 52. Rf4 e3 53. Re4 Rg3 54. Ka5 Rg5 55. Rxe3 Rxd5 56. Re7 Rd1 57. b6 d5 58. Kb5 d4 59. Rc7+ Kb8 60. Rd7 1/2-1/2

[Event "Ricany op"]
[Site "Ricany"]
[Date "2012.09.01"]
[Round "8"]
[White "Eisner, Oldrich"]
[Black "Berg, Antonin"]
[Result "0-1"]
[WhiteElo "1833"]
[BlackElo "1808"]
[PlyCount "39"]
[EventDate "2012.08.26"]
[EventType "swiss"]
[EventRounds "9"]
[EventCountry "CZE"]
[SourceTitle "CBM 150 Extra"]
[Source "ChessBase"]
[SourceDate "2012.10.19"]
[SourceVersion "1"]
[SourceVersionDate "2012.10.19"]
[SourceQuality "1"]

1. d4 Nf6 2. Nf3 e6 3. c4 d5 4. g3 dxc4 5. Qa4+ Nc6 6. Qxc4 Bd7 7. Bg2 Na5 8. Qd3 Rc8 9. 0-0 Be7 10. Nc3 c5 11. dxc5 Bxc5 12. Ne5 Nc6 13. Nxd7 Qxd7 14. Qxd7+ Nxd7 15. Ne4 Ke7 16. Nxc5 Nxc5 17. Be3 b6 18. Bxc5+ bxc5 19. Rfc1 Nb4 20. a3 0-1

[Event "Ricany op"]
[Site "Ricany"]
[Date "2012.08.30"]
[Round "6"]
[White "Berg, Antonin"]
[Black "Vitek, Jan"]
[Result "1/2-1/2"]
[WhiteElo "1808"]
[BlackElo "1882"]
[PlyCount "50"]
[EventDate "2012.08.26"]
[EventType "swiss"]
[EventRounds "9"]
[EventCountry "CZE"]
[SourceTitle "CBM 150 Extra"]
[Source "ChessBase"]
[SourceDate "2012.10.19"]
[SourceVersion "1"]
[SourceVersionDate "2012.10.19"]
[SourceQuality "1"]

1. e4 e6 2. d4 d5 3. Nd2 Nf6 4. e5 Nfd7 5. Bd3 c5 6. c3 Nc6 7. Ne2 Qb6 8. Nf3 cxd4 9. cxd4 f6 10. exf6 Nxf6 11. 0-0 Bd6 12. Bd2 Bd7 13. Bc3 0-0 14. Re1 Rae8 15. Ng3 Qc7 16. Ne5 Bc8 17. Rc1 Bxe5 18. dxe5 Nd7 19. Qh5 g6 20. Bxg6 hxg6 21. Qxg6+ Kh8 22. Nh5 Re7 23. Bb4 Ref7 24. Qh6+ Rh7 25. Qxe6 Qd8 1/2-1/2

[Event "Ricany op"]
[Site "Ricany"]
[Date "2012.08.28"]
[Round "4"]
[White "Cermak, Jan"]
[Black "Berg, Antonin"]
[Result "0-1"]
[WhiteElo "1731"]
[BlackElo "1808"]
[PlyCount "76"]
[EventDate "2012.08.26"]
[EventType "swiss"]
[EventRounds "9"]
[EventCountry "CZE"]
[SourceTitle "CBM 150 Extra"]
[Source "ChessBase"]
[SourceDate "2012.10.19"]
[SourceVersion "1"]
[SourceVersionDate "2012.10.19"]
[SourceQuality "1"]

1. e4 Nf6 2. e5 Nd5 3. d4 d6 4. Nf3 Bg4 5. Be2 e6 6. c4 Nb6 7. 0-0 Be7 8. h3 Bh5 9. Nc3 0-0 10. Be3 Nc6 11. exd6 cxd6 12. d5 Bxf3 13. gxf3 Ne5 14. b3 Ng6 15. Qd2 e5 16. f4 f5 17. Nb5 a6 18. fxe5 axb5 19. exd6 Bf6 20. Rad1 bxc4 21. bxc4 Na4 22. Qb4 Nc3 23. Bf3 Nxd1 24. Rxd1 Be5 25. Qxb7 Nh4 26. Bh1 f4 27. Bb6 Qxd6 28. c5 Qg6+ 29. Kf1 Qc2 30. Re1 Bd4 31. Re2 Qc1+ 32. Re1 Qc4+ 33. Kg1 Rxa2 34. Rf1 f3 35. Qe7 Qxd5 36. Qxh4 Bxc5 37. Bxc5 Qxc5 38. Qe4 h6 0-1

[Event "Ricany op"]
[Site "Ricany"]
[Date "2012.08.26"]
[Round "1"]
[White "Berg, Antonin"]
[Black "Novak, Jindrich"]
[Result "0-1"]
[WhiteElo "1808"]
[BlackElo "2041"]
[PlyCount "90"]
[EventDate "2012.08.26"]
[EventType "swiss"]
[EventRounds "9"]
[EventCountry "CZE"]
[SourceTitle "CBM 150 Extra"]
[Source "ChessBase"]
[SourceDate "2012.10.19"]
[SourceVersion "1"]
[SourceVersionDate "2012.10.19"]
[SourceQuality "1"]

1. e4 d6 2. d4 e5 3. Nf3 Nc6 4. Bb5 Bg4 5. c3 a6 6. Ba4 Nf6 7. 0-0 b5 8. Bb3 Be7 9. d5 Na5 10. Bc2 0-0 11. Re1 Qd7 12. Nbd2 Nc4 13. Nf1 c6 14. b3 cxd5 15. bxc4 dxe4 16. Bxe4 Nxe4 17. Rxe4 Bf5 18. Re1 bxc4 19. Ne3 Bd3 20. Nxc4 e4 21. Nfd2 f5 22. Nb6 Qc6 23. Nxa8 Bf6 24. Qb3+ Kh8 25. Bb2 d5 26. a4 Rxa8 27. a5 Bg5 28. Nf1 Bc4 29. Qb6 Qc8 30. Ba3 Bf6 31. Bb4 Rb8 32. Qd6 Qe8 33. f4 Rc8 34. Rad1 Rc6 35. Qf8+ Qxf8 36. Bxf8 Bxc3 37. Re3 d4 38. Rg3 g6 39. h4 Kg8 40. Bh6 Bxa5 41. h5 Be2 42. Rb1 d3 43. hxg6 Bb6+ 44. Rxb6 Rxb6 45. Kf2 Bxf1 0-1

[Event "Ricany op-A"]
[Site "Ricany"]
[Date "2011.08.24"]
[Round "6"]
[White "Jonas, Vaclav"]
[Black "Berg, Antonin"]
[Result "1-0"]
[WhiteElo "1963"]
[BlackElo "1856"]
[PlyCount "71"]
[EventDate "2011.08.20"]
[EventType "swiss"]
[EventRounds "9"]
[EventCountry "CZE"]
[SourceTitle "CBM 144 Extra"]
[Source "ChessBase"]
[SourceDate "2011.10.28"]
[SourceVersion "1"]
[SourceVersionDate "2011.10.28"]
[SourceQuality "1"]

1. e4 Nf6 2. e5 Nd5 3. d4 d6 4. c4 Nb6 5. exd6 cxd6 6. Nc3 Nc6 7. d5 Ne5 8. f4 Ned7 9. Nf3 Nf6 10. Be3 g6 11. Bd3 Bg7 12. 0-0 Bg4 13. Rc1 0-0 14. Qd2 Rc8 15. b3 Bxf3 16. Rxf3 Ng4 17. Kh1 Nxe3 18. Rxe3 f5 19. Rce1 Bf6 20. h3 Nd7 21. Ne2 Nc5 22. Bb1 Re8 23. g4 fxg4 24. hxg4 Kf7 25. g5 Bg7 26. f5 Be5 27. Qc2 Rg8 28. Rh3 Rg7 29. fxg6+ hxg6 30. Rf1+ Kg8 31. b4 Qd7 32. Ng1 Na4 33. Qe4 Rf8 34. Rh8+ Kxh8 35. Rxf8+ Rg8 36. Qxg6 1-0

[Event "Ricany op-A"]
[Site "Ricany"]
[Date "2011.08.22"]
[Round "4"]
[White "Cap, Adam"]
[Black "Berg, Antonin"]
[Result "1-0"]
[WhiteElo "1934"]
[BlackElo "1856"]
[PlyCount "71"]
[EventDate "2011.08.20"]
[EventType "swiss"]
[EventRounds "9"]
[EventCountry "CZE"]
[SourceTitle "CBM 144 Extra"]
[Source "ChessBase"]
[SourceDate "2011.10.28"]
[SourceVersion "1"]
[SourceVersionDate "2011.10.28"]
[SourceQuality "1"]

1. e4 Nf6 2. e5 Nd5 3. Nc3 Nxc3 4. bxc3 d6 5. f4 e6 6. Nf3 Be7 7. d4 Nd7 8. Bd3 c5 9. 0-0 d5 10. Ng5 g6 11. Qg4 Nf8 12. Ba3 c4 13. Bxe7 Qxe7 14. Bxc4 dxc4 15. Ne4 Nd7 16. Nd6+ Kf8 17. Qh3 Nb6 18. Qh6+ Kg8 19. Rf3 Qf8 20. Qg5 Bd7 21. Raf1 Bc6 22. Rh3 Rd8 23. f5 Rxd6 24. fxg6 hxg6 25. Rxh8+ Kxh8 26. exd6 Nc8 27. Qxg6 Nxd6 28. Qh5+ Kg8 29. Rf4 Nf5 30. Rg4+ Ng7 31. Qh6 f6 32. Rg6 f5 33. Qg5 Be4 34. h4 f4 35. Rf6 Qe7 36. h5 1-0

[Event "Ricany op-A"]
[Site "Ricany"]
[Date "2011.08.21"]
[Round "2"]
[White "Berg, Antonin"]
[Black "Martinec, Karel"]
[Result "1-0"]
[WhiteElo "1856"]
[BlackElo "1971"]
[PlyCount "37"]
[EventDate "2011.08.20"]
[EventType "swiss"]
[EventRounds "9"]
[EventCountry "CZE"]
[SourceTitle "CBM 144 Extra"]
[Source "ChessBase"]
[SourceDate "2011.10.28"]
[SourceVersion "1"]
[SourceVersionDate "2011.10.28"]
[SourceQuality "1"]

1. e4 e5 2. Nf3 Nc6 3. Bb5 a6 4. Ba4 Nf6 5. 0-0 Nxe4 6. Re1 Nc5 7. Bxc6 dxc6 8. Nxe5 Be7 9. d4 Ne6 10. Be3 0-0 11. Nc3 f5 12. f4 g5 13. fxg5 f4 14. g6 fxe3 15. gxh7+ Kxh7 16. Qh5+ Kg8 17. Ng6 Ng7 18. Qh8+ Kf7 19. Rf1+ 1-0

[Event "Ricany op-A"]
[Site "Ricany"]
[Date "2011.08.20"]
[Round "1"]
[White "Ambroz, Antonin"]
[Black "Berg, Antonin"]
[Result "1-0"]
[WhiteElo "2054"]
[BlackElo "1856"]
[PlyCount "69"]
[EventDate "2011.08.20"]
[EventType "swiss"]
[EventRounds "9"]
[EventCountry "CZE"]
[SourceTitle "CBM 144 Extra"]
[Source "ChessBase"]
[SourceDate "2011.10.28"]
[SourceVersion "1"]
[SourceVersionDate "2011.10.28"]
[SourceQuality "1"]

1. c4 c5 2. Nc3 Nf6 3. g3 d5 4. cxd5 Nxd5 5. Bg2 Nxc3 6. bxc3 e5 7. d3 Be7 8. Nf3 Nc6 9. 0-0 0-0 10. Qc2 Kh8 11. Qa4 f5 12. Ba3 Bd7 13. Qb3 Qc7 14. Nd2 Na5 15. Qc2 Bc6 16. Nb3 Bxg2 17. Kxg2 Rae8 18. Nxa5 Qxa5 19. Bb2 Bd6 20. e4 f4 21. f3 Qc7 22. g4 Re6 23. Qe2 Be7 24. d4 cxd4 25. cxd4 exd4 26. Bxd4 Rc6 27. Kh1 Rc2 28. Qb5 a6 29. Qe5 Bd6 30. Qe6 Rc8 31. Rad1 Rc6 32. Rd3 Bc5 33. Qe5 Qxe5 34. Bxe5 Bf8 35. Rfd1 1-0

[Event "Ricany op"]
[Site "Ricany"]
[Date "2010.08.28"]
[Round "9"]
[White "Berg, Antonin"]
[Black "Postupa, Martin"]
[Result "0-1"]
[WhiteElo "1842"]
[BlackElo "2018"]
[PlyCount "118"]
[EventDate "2010.08.21"]
[EventType "swiss"]
[EventRounds "9"]
[EventCountry "CZE"]
[SourceTitle "EXT 2022"]
[Source "ChessBase"]
[SourceDate "2021.10.06"]
[SourceVersion "1"]
[SourceVersionDate "2021.10.06"]
[SourceQuality "1"]

1. e4 e5 2. Nf3 Nc6 3. Bb5 d6 4. c3 Nf6 5. d3 Be7 6. h3 0-0 7. Ba4 Bd7 8. Nbd2 Nh5 9. Nc4 Nf6 10. Ne3 g6 11. g4 a6 12. g5 Nh5 13. Nd5 Nb8 14. Bb3 c6 15. Nxe7+ Qxe7 16. Be3 Be6 17. Bxe6 Qxe6 18. Qb3 Qxb3 19. axb3 Nd7 20. 0-0-0 f5 21. gxf6 Rxf6 22. Nh2 Nf4 23. Ng4 Rff8 24. d4 h5 25. dxe5 hxg4 26. hxg4 Nxe5 27. Rxd6 Nfd3+ 28. Kb1 Nxf2 29. Bxf2 Rxf2 30. Re6 Nd7 31. Rxg6+ Kf7 32. Rd6 Ke7 33. Rhh6 Nf8 34. e5 Rd8 35. Rdf6 Rdd2 36. Rxf2 Rxf2 37. Ka2 Rg2 38. Rh4 Ke6 39. Rh8 Ke7 40. Rg8 Kf7 41. Rg5 Ne6 42. Rf5+ Ke7 43. c4 Rxg4 44. Rh5 Rg5 45. Rh7+ Rg7 46. Rh8 Nf8 47. c5 Ng6 48. Rb8 Ke6 49. Ka3 Nxe5 50. Ka4 Kd5 51. b4 Nd7 52. Rh8 Ke6 53. Ka5 Rg1 54. Rh6+ Ke7 55. Rh7+ Kd8 56. Rh8+ Kc7 57. Ka4 Ra1+ 58. Kb3 a5 59. bxa5 Rxa5 0-1

[Event "Ricany op"]
[Site "Ricany"]
[Date "2010.08.27"]
[Round "8"]
[White "Cervenka, Petr"]
[Black "Berg, Antonin"]
[Result "0-1"]
[WhiteElo "1990"]
[BlackElo "1842"]
[PlyCount "46"]
[EventDate "2010.08.21"]
[EventType "swiss"]
[EventRounds "9"]
[EventCountry "CZE"]
[SourceTitle "EXT 2022"]
[Source "ChessBase"]
[SourceDate "2021.10.06"]
[SourceVersion "1"]
[SourceVersionDate "2021.10.06"]
[SourceQuality "1"]

1. e4 Nf6 2. Nc3 d5 3. e5 d4 4. Nce2 Ng4 5. f4 c5 6. Nf3 e6 7. h3 Nh6 8. d3 Be7 9. g3 Nf5 10. Kf2 h5 11. Bg2 Nc6 12. Bd2 f6 13. g4 Ne3 14. Bxe3 dxe3+ 15. Kxe3 fxe5 16. fxe5 Bg5+ 17. Nxg5 Qxg5+ 18. Nf4 0-0 19. Qf3 Nd4 20. Qf2 Nxc2+ 21. Qxc2 Qxf4+ 22. Ke2 Qf2+ 23. Kd1 Qxc2+ 0-1

[Event "Ricany op"]
[Site "Ricany"]
[Date "2009.08.26"]
[Round "6"]
[White "Rezac, Jindrich"]
[Black "Berg, Antonin"]
[Result "0-1"]
[WhiteElo "1818"]
[BlackElo "1890"]
[PlyCount "62"]
[EventDate "2009.08.22"]
[EventType "swiss"]
[EventRounds "9"]
[EventCountry "CZE"]
[SourceTitle "CBM 131 Extra"]
[Source "ChessBase"]
[SourceDate "2009.09.03"]
[SourceVersion "2"]
[SourceVersionDate "2009.09.16"]
[SourceQuality "1"]

1. e4 Nf6 2. e5 Nd5 3. c4 Nb6 4. d4 d6 5. exd6 cxd6 6. b3 g6 7. Bb2 Bg7 8. Qc2 Bf5 9. Bd3 Bxd3 10. Qxd3 0-0 11. Nf3 Nc6 12. 0-0 d5 13. c5 Nd7 14. Qc2 b6 15. Rd1 Rc8 16. Nc3 bxc5 17. dxc5 Nb4 18. Qd2 Nxc5 19. Nxd5 Bxb2 20. Nxe7+ Qxe7 21. Qxb2 Nbd3 22. Qa3 Qe4 23. b4 Qxb4 24. Rxd3 Nxd3 25. Qxd3 Rfd8 26. Qe3 Qc3 27. Qxc3 Rxc3 28. Kf1 Rdc8 29. Rd1 Rc2 30. a4 Ra2 31. Nd4 Rcc2 0-1

[Event "Ricany op"]
[Site "Ricany"]
[Date "2009.08.23"]
[Round "2"]
[White "Straka, Vojtech"]
[Black "Berg, Antonin"]
[Result "1-0"]
[WhiteElo "2039"]
[BlackElo "1890"]
[PlyCount "109"]
[EventDate "2009.08.22"]
[EventType "swiss"]
[EventRounds "9"]
[EventCountry "CZE"]
[SourceTitle "CBM 131 Extra"]
[Source "ChessBase"]
[SourceDate "2009.09.03"]
[SourceVersion "2"]
[SourceVersionDate "2009.09.16"]
[SourceQuality "1"]

1. d4 d5 2. Nf3 Nf6 3. Bg5 e6 4. e3 Nbd7 5. Bd3 c6 6. Nbd2 Be7 7. 0-0 0-0 8. c3 b6 9. Qa4 Bb7 10. Ne5 Qc7 11. f4 a6 12. Rae1 Rae8 13. Bb1 Nh5 14. Bxe7 Rxe7 15. Qd1 g6 16. Ndf3 f5 17. Nxd7 Qxd7 18. Ne5 Qc7 19. Kh1 Nf6 20. g4 Ne4 21. Bxe4 dxe4 22. Rg1 Rg7 23. Rg3 c5 24. gxf5 exf5 25. d5 Qd6 26. c4 Re8 27. Qd2 Rxe5 28. fxe5 Qxe5 29. Qf2 g5 30. Reg1 h6 31. Rh3 Rg6 32. Qg3 Qxg3 33. Rhxg3 Kf7 34. R3g2 Kf6 35. h4 g4 36. Kh2 Ke5 37. Kg3 h5 38. Rd1 Rd6 39. Rf2 b5 40. b3 b4 41. Rdf1 Bc8 42. Ra1 Rb6 43. a3 a5 44. axb4 axb4 45. Ra7 Ra6 46. Rxa6 Bxa6 47. Ra2 Bc8 48. Ra5 f4+ 49. exf4+ Kd4 50. Ra8 Bf5 51. Rf8 Bd7 52. Rf7 Bc8 53. d6 e3 54. d7 e2 55. d8Q+ 1-0

[Event "Ricany op"]
[Site "Ricany"]
[Date "2009.08.22"]
[Round "1"]
[White "Berg, Antonin"]
[Black "Matejovsky, Ondrej"]
[Result "1/2-1/2"]
[WhiteElo "1890"]
[BlackElo "2085"]
[PlyCount "98"]
[EventDate "2009.08.22"]
[EventType "swiss"]
[EventRounds "9"]
[EventCountry "CZE"]
[SourceTitle "CBM 131 Extra"]
[Source "ChessBase"]
[SourceDate "2009.09.03"]
[SourceVersion "2"]
[SourceVersionDate "2009.09.16"]
[SourceQuality "1"]

1. e4 e5 2. Nf3 Nc6 3. Bb5 a6 4. Ba4 Nf6 5. d3 b5 6. Bb3 Be7 7. c3 d5 8. Qe2 dxe4 9. dxe4 Bb7 10. Nbd2 Qd6 11. Nf1 0-0 12. Ng3 g6 13. 0-0 b4 14. Rd1 Qc5 15. Be3 Qa5 16. cxb4 Bxb4 17. Nd2 Bxd2 18. Rxd2 Rad8 19. Rad1 Rxd2 20. Rxd2 Qb4 21. Qf3 Ne8 22. Rd7 Nd6 23. Bh6 Nd4 24. Qd1 Rc8 25. h4 Bc6 26. Re7 Nxb3 27. axb3 Nb5 28. Bg5 h6 29. Bf6 Qd6 30. Qxd6 cxd6 31. h5 Rc7 32. Rxc7 Nxc7 33. hxg6 fxg6 34. Be7 Nb5 35. f3 Kf7 36. Bd8 Ke6 37. Ne2 d5 38. exd5+ Bxd5 39. b4 Nd6 40. Nc3 Nc4 41. Na4 Kd7 42. Bf6 Kc6 43. b3 Nd2 44. Bxe5 Bxb3 45. Nc3 Nc4 46. Bg7 h5 47. Kf2 Nd6 48. Bh8 Nf5 49. Bf6 Bc4 1/2-1/2

[Event "Ricany op-A"]
[Site "Ricany"]
[Date "2008.08.28"]
[Round "7"]
[White "Berg, Antonin"]
[Black "Havelka, Petr"]
[Result "0-1"]
[WhiteElo "1914"]
[BlackElo "1957"]
[PlyCount "50"]
[EventDate "2008.08.23"]
[EventType "swiss"]
[EventRounds "9"]
[EventCountry "CZE"]
[SourceTitle "CBM 126 Extra"]
[Source "ChessBase"]
[SourceDate "2008.11.05"]
[SourceVersion "1"]
[SourceVersionDate "2008.11.05"]
[SourceQuality "1"]

1. e4 d5 2. exd5 Qxd5 3. Nc3 Qa5 4. d4 Nf6 5. Nf3 Bg4 6. h3 Bxf3 7. Qxf3 c6 8. Bd3 e6 9. 0-0 Nbd7 10. a3 Be7 11. Rb1 0-0 12. Bd2 Qd8 13. b4 Nb6 14. Ne2 Qd5 15. Qe3 Nc4 16. Bxc4 Qxc4 17. c3 Nd5 18. Qe4 Qa2 19. Qd3 Nb6 20. Ra1 Qd5 21. Nf4 Qd8 22. Nh5 Bg5 23. Qg3 f6 24. h4 Qe8 25. Nxf6+ Bxf6 0-1

[Event "Ricany op-A"]
[Site "Ricany"]
[Date "2008.08.25"]
[Round "4"]
[White "Berg, Antonin"]
[Black "Sedivy, Ondrej"]
[Result "1-0"]
[WhiteElo "1914"]
[BlackElo "1638"]
[PlyCount "107"]
[EventDate "2008.08.23"]
[EventType "swiss"]
[EventRounds "9"]
[EventCountry "CZE"]
[SourceTitle "CBM 126 Extra"]
[Source "ChessBase"]
[SourceDate "2008.11.05"]
[SourceVersion "1"]
[SourceVersionDate "2008.11.05"]
[SourceQuality "1"]

1. e4 e6 2. d4 d5 3. Nd2 Nf6 4. e5 Nfd7 5. c3 c5 6. Bd3 Nc6 7. Ne2 cxd4 8. cxd4 Qb6 9. Nf3 f6 10. exf6 Nxf6 11. 0-0 Bd6 12. Re1 0-0 13. Nc3 Bd7 14. Nb5 Be7 15. Nc3 Bd6 16. a3 Kh8 17. Bc2 Rae8 18. b4 a6 19. Bg5 Qc7 20. Qd3 g6 21. Re2 Kg7 22. Qd2 Ng8 23. Rae1 Bf4 24. Bxf4 Qxf4 25. Re3 Qd6 26. Ne5 Nh6 27. Rh3 Ng8 28. Na4 Nxe5 29. dxe5 Qe7 30. Nc5 Bc6 31. a4 Qf7 32. Rf3 Qe7 33. Rb3 Nh6 34. Rc3 Nf5 35. Bd3 Rd8 36. b5 axb5 37. axb5 Be8 38. Rec1 Nd4 39. b6 Nc6 40. f4 h6 41. Be2 Bf7 42. Rh3 Rh8 43. Nb3 g5 44. Nd4 Rde8 45. Nb5 Rd8 46. Nd6 Bg6 47. Bb5 Rhf8 48. Bxc6 bxc6 49. Rhc3 Rxf4 50. Rxc6 Rff8 51. b7 Rd7 52. Qa5 g4 53. Rc7 Be8 54. b8Q 1-0

[Event "Czechia KP-chTB 0607"]
[Site "Czech Republic"]
[Date "2007.02.18"]
[Round "8.6"]
[White "Berg, Antonin"]
[Black "Franc, Libor"]
[Result "1-0"]
[WhiteElo "1825"]
[BlackElo "2006"]
[PlyCount "53"]
[EventDate "2006.10.29"]
[EventType "team"]
[EventRounds "11"]
[EventCountry "CZE"]
[SourceTitle "EXT 2008"]
[Source "ChessBase"]
[SourceDate "2007.11.25"]
[SourceVersion "1"]
[SourceVersionDate "2007.11.25"]
[SourceQuality "1"]
[WhiteTeam "Struharov"]
[BlackTeam "Kolin II"]
[WhiteTeamCountry "CZE"]
[BlackTeamCountry "CZE"]

1. e4 c6 2. d4 d5 3. e5 Bf5 4. Bd3 Bxd3 5. Qxd3 Qa5+ 6. Nd2 Qa6 7. c4 e6 8. Ne2 Ne7 9. 0-0 dxc4 10. Nxc4 Ng6 11. b3 Be7 12. Qg3 b5 13. Nd6+ Bxd6 14. exd6 Nd7 15. Nc3 0-0 16. Ne4 Qb6 17. Be3 Qd8 18. Rac1 Rc8 19. Rc2 Qe8 20. Nc5 f5 21. Bg5 f4 22. Qg4 Nxc5 23. dxc5 Ne5 24. Qh3 Rf5 25. Be7 Rh5 26. Qxe6+ Qf7 27. Qxc8+ 1-0

[Event "Czechia KP-chTB 0607"]
[Site "Czech Republic"]
[Date "2006.10.29"]
[Round "1.7"]
[White "Buril, Petr"]
[Black "Berg, Antonin"]
[Result "1-0"]
[WhiteElo "2057"]
[BlackElo "1825"]
[PlyCount "81"]
[EventDate "2006.10.29"]
[EventType "team"]
[EventRounds "11"]
[EventCountry "CZE"]
[SourceTitle "EXT 2008"]
[Source "ChessBase"]
[SourceDate "2007.11.25"]
[SourceVersion "1"]
[SourceVersionDate "2007.11.25"]
[SourceQuality "1"]
[WhiteTeam "Ricany II"]
[BlackTeam "Struharov"]
[WhiteTeamCountry "CZE"]
[BlackTeamCountry "CZE"]

1. f4 d5 2. Nf3 Nf6 3. e3 e6 4. b3 Be7 5. Bb2 0-0 6. Bd3 c5 7. 0-0 Nc6 8. Nc3 a6 9. Ne2 b5 10. Ng3 Qc7 11. Ne5 Bb7 12. a4 b4 13. Qe2 Nd7 14. Nxd7 Qxd7 15. Qg4 f6 16. Nh5 Rf7 17. Rae1 Rd8 18. f5 e5 19. e4 Na5 20. exd5 Qxd5 21. Bc1 Qd4+ 22. Qxd4 cxd4 23. Ng3 Rc8 24. Ne4 g6 25. Rf2 g5 26. Bb2 Kg7 27. Kf1 Bf8 28. Ke2 Rfc7 29. Kd1 h5 30. Nxg5 fxg5 31. f6+ Kf7 32. Rxe5 Rc5 33. Bxd4 Rxe5 34. Bxe5 Nc6 35. Bb2 Bd6 36. Rf5 Nd8 37. Rxg5 Ne6 38. Bg6+ Kf8 39. Rxh5 Kg8 40. f7+ Kf8 41. Bf6 1-0